| 000 | 01241 a2200193 4500 | ||
|---|---|---|---|
| 001 | 32128 | ||
| 005 | 20260407155622.0 | ||
| 008 | 260407a1983 arg spa d | ||
| 003 | AR-UNSa-BCEJYS | ||
| 040 |
_aAR-UNSa-BCEJYS _bspa _cAR-UNSa-BCEJYS |
||
| 080 |
_a658 _xAdministración de empresas. Organización comercial |
||
| 245 | 1 | 0 | _aCiencia de la administración |
| 264 | 1 |
_aBuenos Aires : _bEdiciones Contabilidad Moderna _c1983 |
|
| 300 |
_a350 p. _c22 cm. |
||
| 505 | _a1. Análisis y categorias de los continentes del conocimiento - 2. Análisis de la metodología cientifica - 3. Las opciones metodologicas para la administración - 4. Fundamentos para la elaboración de un modelo de análisis de las ideas en administración - 5. Las escuelas clásicas - 6. La escuela de realcioneas humanas - 7. La escuela neoclasica - 8. Las escuelas de sociologia y sicologia - 9. El estructuralismo - 10. La escuela de la teoria de la organización - 11. La escuela de la teoria de los sistemas - 12. Sintesis del análisis retrospectivo de las ideas en administración - 13. Una teoría descriptiva del comportamiento de las organizaciones. | ||
| 942 | _cBK | ||
| 590 | _aniveau_biblio:m niveau_hierar:0 | ||
| 100 | 1 | _aHermida, Jorge Alfredo | |
| 999 |
_c2254 _d2254 |
||